Australian Professional Sports Teams - Statistics

General Stats
  • This quiz has been taken 2,473 times
    999 since last reset
  • The average score is 47 of 66
Answer Stats
AFL % Correct
West Coast Eagles
91%
Canterbury Bulldogs
90%
Richmond Tigers
90%
Western Bulldogs
90%
West Tigers
90%
Brisbane Lions
89%
Adelaide Crows
86%
Melbourne Storm
86%
Geelong Cats
85%
Penrith Panthers
85%
Sydney Swans
85%
Brisbane Broncos
83%
Greater Western Sydney Giants
83%
Hawthorn Hawks
83%
Illawarra Hawks
83%
Collingwood Magpies
82%
Fremantle Dockers
81%
Brisbane Heat
80%
Gold Coast Suns
78%
Sydney Sixers
78%
Carlton Blues
77%
Sydney Thunder
76%
Essendon Bombers
75%
Parramatta Eels
75%
Perth Scorchers
75%
South Sydney Rabbitohs
75%
Adelaide Strikers
74%
Hobart Hurricanes
74%
Melbourne Stars
74%
Adelaide United
73%
Canberra Raiders
73%
Cronulla Sharks
73%
Gold Coast Titans
73%
Melbourne Renegades
73%
Melbourne United
73%
North Queensland Cowboys
73%
Port Adelaide Power
73%
Western United
73%
Melbourne Demons
72%
Newcastle Knights
71%
North Melbourne Kangaroos
71%
Sydney Roosters
71%
St Kilda Saints
70%
Dolphins
69%
Manly Sea Eagles
69%
New Zealand Warriors
69%
Melbourne City
67%
St George Dragons
66%
Melbourne Victory
64%
Brisbane Roar
63%
Perth Glory
62%
Sydney Kings
62%
Sydney FC Sky Blues
61%
Western Sydney Wanderers
60%
Cairns Taipans
58%
South East Melbourne Phoenix
58%
Wellington Phoenix
58%
Central Coast Mariners
57%
Adelaide 36ers
56%
Brisbane Bullets
55%
Newcastle Jets
54%
Tasmania JackJumpers
52%
Perth Wildcats
51%
New Zealand Breakers
42%
Macarthur FC Bulls
38%
Auckland Black Knights
16%
No matching quizzes found
Score Distribution
Percent of People with Each Score
Percentile by Number Answered
Your Score History
You have not taken this quiz since the last reset